Bacterial pathogenesis (Record no. 77704)

MARC details
000 -LEADER
fixed length control field 00332pam a2200133 a 4500
020 ## - INTERNATIONAL STANDARD BOOK NUMBER
Terms of availability
041 ## - LANGUAGE CODE
Language code of text/sound track or separate title eng
082 ## - DEWEY DECIMAL CLASSIFICATION NUMBER
Classification number 576.6482
Item number SAL
100 ## - MAIN ENTRY--PERSONAL NAME
Personal name Salyers Abigail .,
Relator term Whitt dixit .
245 ## - TITLE STATEMENT
Title Bacterial pathogenesis
Medium Textual Documents
260 ## - PUBLICATION, DISTRIBUTION, ETC.
Place of publication, distribution, etc. [s.l]:
Name of publisher, distributor, etc. American socity for microbiology .
300 ## - PHYSICAL DESCRIPTION
Extent 539P.
930 ## - EQUIVALENCE OR CROSS-REFERENCE-UNIFORM TITLE HEADING [LOCAL, CANADA]
Uniform title 775
Holdings
Withdrawn status Lost status Damaged status Not for loan Collection Home library Current library Date acquired Source of acquisition Cost, normal purchase price Total Checkouts Full call number Barcode Date last seen Copy number Price effective from Koha item type
          Yashwantrao Mohite College of Arts, Science And Commerce, Pune Yashwantrao Mohite College of Arts, Science And Commerce, Pune 11/02/2021 Bharati Sahakari Madhyavarti Grahak Bhandar 2495.00   576.6482 SAL YMP-150209 24/02/2023 1 24/02/2023 Book